000 00738nam a2200253 i 4500
001 bg
100 1 _aGirardi, Monica.
245 0 _aRafael /
_c[tekst Monica Girardi ; tł. Hanna Borkowska].
260 _aWarszawa :
_bRzeczpospolita ;
_bHPS,
_c2006.
300 _a143 s. :
_bil. ;
_c26 cm.
490 1 _aKlasycy Sztuki ;
_v1
600 0 _aRaffaello Sanzio, (1483-1520)
_xtwórczość
650 0 _aMalarstwo włoskie
_xhistoria
_y16 w.
700 0 1 _aBorkowska, Hanna.
_eTł.
830 _aKlasycy Sztuki ;
020 _a9788360529003
020 _a8360529000
040 _cBPK
041 1 _apol
_hita
080 _a75.071(450)"15"A/Z
920 _a978-83-60529-00-3
942 _cKS
008 s pl f |000 0 pol
999 _c53721
_d53721
856 _uhttp://koha.tu.koszalin.pl/cgi-bin/koha/opac-detail.pl?biblionumber=53721
_yKatalog online BPK